|
|
|
|
| LEADER |
01022nam a22002897a 4500 |
| 001 |
28204 |
| 003 |
BD-DhAAL |
| 005 |
20190523134900.0 |
| 008 |
170411s2011 bg ||||| b||| 001 0 eng d |
| 999 |
|
|
|c 38029
|d 38029
|
| 020 |
|
|
|a 9780470665701
|
| 040 |
|
|
|a BD-DhAAL
|c BD-DhAAL
|
| 082 |
|
|
|2 23
|a 620.00420285
|
| 245 |
|
|
|a Computational design thinking /
|c edited by Achim Menges and Sean Ahlquist
|
| 260 |
|
|
|a Chichester :
|b Wiley,
|c 2011
|
| 300 |
|
|
|a 224 pages :
|b illustrations ;
|c 25 cm.
|
| 490 |
|
|
|a AD reader
|
| 504 |
|
|
|a Includes bibliographical references and index
|
| 526 |
|
|
|a ARC
|
| 541 |
|
|
|e 28204
|
| 650 |
|
|
|a Computer-aided design
|9 21218
|
| 650 |
|
|
|a Architecture
|x Data processing
|9 21219
|
| 700 |
|
|
|a Menges, Achim.
|9 21220
|
| 700 |
|
|
|a Ahlquist, Sean
|9 21221
|
| 852 |
|
|
|a Ayesha Abed Library
|c General Stacks
|
| 942 |
|
|
|2 ddc
|c BK
|
| 952 |
|
|
|0 0
|1 0
|2 ddc
|4 0
|6 620_004202850000000_COM
|7 0
|9 60162
|a BRACUL
|b BRACUL
|c GEN
|d 2017-04-11
|e Karim International
|l 0
|o 620.00420285 COM
|p 3010028204
|r 2017-04-11
|t 1
|w 2017-04-11
|y BK
|